Quiz di cultura generale #48 - Statistics

Statistiche generali
  • Questo quiz è stato fatto 868 volte
  • Il punteggio medio è 11 su 20
Statistiche sulle risposte
DOMANDA RISPOSTA % Corretto
Le prime tre cifre del pi greco 3.14
95%
Squadra più titolata di Torino Juventus
89%
Mago inventato da J.K. Rowling (nome e cognome) Harry Potter
86%
La seconda religione più praticata Islam
82%
Stato che ha preso il nome dallo scopritore dell'America Colombia
78%
La più venduta birra olandese (per molti anni sponsor della Champions) Heineken
77%
Pechino in inglese Beijing
74%
Isola d'origine del reggae Jamaica/Giamaica
70%
Catena montuosa più alta per percentuale Himalaya
67%
Nuotatore Usa che alle Olimpiadi del 2008 vinse 8 medaglie d'oro (cognome) Phelps
63%
Stato Usa e stato caucasico Georgia
61%
Isole ecuadoriane visitate da Darwin Galapagos
55%
Quale dinosauro, solitamente verde, è cavalcato da Mario in Mario Bros? Yoshi
51%
Nazione che nel 1990 invase il Kuwait Iraq
50%
Capitale delle isole Bermuda e uno dei piloti più famosi di F1 di sempre Hamilton
44%
Città austrica che ospitò le Olimpiadi invernali Innsbruck
32%
Regione cinese che fino alla Seconda Guerra Mondiale apparteneva al Giappone (con la m) Manciuria
30%
Penisola che comprende la maggior parte della Danimarca Jutland
15%
Isola condivisa da Haiti e dalla Repubblica Dominicana Hispaniola
14%
La più grande isola cinese Hainan
6%
Nessun quiz corrispondente trovato
Distribuzione punteggi
Percentuale di utenti per punteggio
Percentile per numero di risposta
I tuoi punteggi nel tempo
Non hai fatto questo quiz